Statistics for Top 10 Least Corrupt Asian Countries

Click here to take the quiz!

General Stats

  • This quiz has been taken 160 times
  • The average score is 6 of 10

Answer Stats

ScoreCountry% Correct
73Japan
94%
85Singapore
89%
63Taiwan
70%
70United Arab Emirates
68%
61Israel
66%
62Qatar
63%
63Brunei
44%
68Bhutan
40%
59Cyprus
32%
58Georgia
26%

Score Distribution

Percentile by Number Answered

Percent of People with Each Score

Your Score History

You have not taken this quiz